000 00580nam a2200193Ia 4500
005 20250508150409.0
008 008 250505s9999 xx 000 0 eng d
037 _aTextual
040 _aFEDL
_beng
_cFEDL
041 _aeng
_2eng
084 _a155.5, JON
_qFEDL
100 _aJones Harold E.
_988810
245 0 _aDevelopment in adolescence: Approaches to the study of the individual
260 _aNew York, USA
_bAppleton-Century-Crofts
_c1943
300 _axvii,166p
650 _aChild psychology
942 _cTEXL
_h155.5, JON
999 _c1323410
_d1323410